banner koha

Sensitividade a raios gama de linhagens e hibridos simples de sorgo (Sorghum bicolor) (Registro n. 123034)

MARC details
000 -LÍDER
campo de controle de tamanho fixo 00909nas a2200277 4500
001 - NÚMERO DE CONTROLE
campo de controle BR8802753
003 - IDENTIFICADOR DO NÚMERO DE CONTROLE
campo de controle BR-BrBNA
005 - DATA E HORÁRIO DA ÚLTIMA TRANSAÇÃO
campo de controle 20231205091132.0
007 - CAMPO FIXO DE DESCRIÇÃO FÍSICA--INFORMAÇÃO GERAL
campo de controle de tamanho fixo ta
008 - CAMPO DE DADOS FIXOS--INFORMAÇÃO GERAL
campo de controle de tamanho fixo 230509b bl.|||p| |||| 00| 00por d
040 ## - FONTE DA CATALOGAÇÃO
Instituição da catalogação original BR-BrBNA
Idioma da catalogação por
Instituição que transcreveu o registro Biblioteca Nacional de Agricultura
041 ## - CÓDIGO DE IDIOMA
Código do idioma do texto/trilha sonora ou título diferente (Pt)
072 ## - CÓDIGO DE CATEGORIA DE ASSUNTO
Código de Categoria de Assunto F30
100 1# - ENTRADA PRINCIPAL--NOME PESSOAL
Nome pessoal Tulmann Neto, A.
100 1# - ENTRADA PRINCIPAL--NOME PESSOAL
Nome pessoal Borgonovi, R.A.
100 1# - ENTRADA PRINCIPAL--NOME PESSOAL
Nome pessoal Ando, A.
100 1# - ENTRADA PRINCIPAL--NOME PESSOAL
Nome pessoal Menten, J.O.M.
245 1# - TÍTULO
Título Sensitividade a raios gama de linhagens e hibridos simples de sorgo (Sorghum bicolor)
246 1# - FORMA VARIANTE DO TÍTULO
Título/título abreviado Gamma - ray sensitivity of inbred lines and single-cross hybrids of sorghum (Sorghum bicolor)
650 ## - ASSUNTO--TERMO TÓPICO
Cabeçalho tópico ou nome geográfico SORGO GRANIFERO
650 ## - ASSUNTO--TERMO TÓPICO
Cabeçalho tópico ou nome geográfico VARIEDADE
650 ## - ASSUNTO--TERMO TÓPICO
Cabeçalho tópico ou nome geográfico RAIO GAMA
773 0# - ENTRADA ANALÍTICA
Título Energia Nuclear e Agricultura (Brazil)
ISSN - International Standard Serial Number ISSN 0100-3593
Partes relacionadas (1985-1986), v. 7(1-2) p. 75-88
Número de controle do registro BR8802753
909 ## -
-- 202311
-- Lúcia
-- 55
-- Lúcia Elande
942 ## - ELEMENTOS DE ENTRADA ADICIONADOS (KOHA)
Fonte da classificação ou esquema de arquivamento na estante Classificação AGRIS
Ocultar no OPAC Não
Tipo de material Koha Analítica
Exemplares
Situação do descarte Fonte da classificação ou esquema de arquivamento na estante Situação física Não pode ser emprestado Biblioteca de origem Biblioteca atual Localização na estante Enumeração do periódico / cronologia Total de empréstimos Data de último acesso Número do exemplar Tipo de material Koha Fonte de aquisição
  Classificação AGRIS   Consulta local Biblioteca Nacional de Agricultura - Binagri Biblioteca Nacional de Agricultura - Binagri   (1985-1986), v. 7(1-2) p. 75-88   29/11/2023 01 Periódicos Portaria Interministerial nº 164/94

BINAGRI

Telefone: (61)3218-2567/2388/3357/2097 - binagri@agro.gov.br

Ministério da Agricultura e Pecuária , Esplanada dos Ministérios, Bloco D, Anexo B, Brasília/DF, CEP: 70.043-900